Class and space : the making of urban society /

Bibliographic Details
Other Authors: Thrift, N. J., Williams, Peter, 1947-
Format: Book
Language:English
Published: London ; New York : Routledge & Kegan Paul, 1987.
Subjects:

MARC

Tag First Indicator Second Indicator Subfields
LEADER 00000cam a2200000 a 4500
001 in00000023930
005 20151007055558.0
008 870422s1987 enkb b 00100 eng
010 |a  87009868  
020 |a 071020230X (jacket) :  |c £20.00 
020 |z 0710211503 
035 |a (OCoLC)15653871 
035 |9 AAB8630AM 
040 |a DLC  |c DLC  |d TXA  |d UtOrBLW 
043 |a e-uk---  |a n-us--- 
049 |a TXAM  |c [A11505507] 
050 0 0 |a HN400.S6  |b C54 1987 
082 0 |a 305.5/0941  |2 19 
245 0 0 |a Class and space :  |b the making of urban society /  |c edited by Nigel Thrift and Peter Williams. 
264 1 |a London ;  |a New York :  |b Routledge & Kegan Paul,  |c 1987. 
300 |a xiii, 422 pages :  |b maps ;  |c 23 cm. 
336 |a text  |b txt  |2 rdacontent 
337 |a unmediated  |b n  |2 rdamedia 
338 |a volume  |b nc  |2 rdacarrier 
504 |a Bibliography: pages [360]-397. 
500 |a Includes indexes. 
650 0 |a Social classes  |z Great Britain  |x History. 
650 0 |a Social classes  |z United States  |x History. 
650 0 |a City and town life  |z Great Britain  |x History. 
650 0 |a City and town life  |z United States  |x History. 
650 0 |a Human geography  |z Great Britain  |x History. 
650 0 |a Human geography  |z United States  |x History. 
700 1 |a Thrift, N. J. 
700 1 |a Williams, Peter,  |d 1947- 
999 |a MARS 
999 f f |s fa809284-d3ad-349e-bdeb-b4b899a9b4cd  |i ce4491e3-18c4-3f42-bdc0-83e31a2630df  |t 0 
952 f f |p ric  |a Texas A&M University  |b Rellis Campus  |c Joint Library Facility  |d Remote Storage  |t 0  |e HN400.S6 C54 1987  |h Library of Congress classification  |i unmediated -- volume  |m A14811505507 
998 f f |a HN400.S6 C54 1987  |t 0  |l Remote Storage